| 000 | 00645nam a2200205 i 4500 | ||
|---|---|---|---|
| 001 | 27672 | ||
| 003 | ES-MaACL | ||
| 005 | 20250902030608.0 | ||
| 007 | t| | ||
| 008 | 030115s1973 sp ||||1| spa d | ||
| 100 | 1 |
_aAudy, Raymond. _923870 |
|
| 245 | 1 | 0 |
_aEstragia publicitaria y marketing / _cRaymond Audy ; [traducción: Esther Benítez]. |
| 260 |
_a[Madrid] : _bGuadiana, _c[1973] |
||
| 300 |
_a138 p. : _bil. ; _c18 cm. |
||
| 490 | 1 | _aLa vida de la empresa | |
| 700 | 1 |
_aBenítez, Esther, _d1937-2001 _927600 |
|
| 830 | 0 | 3 |
_aLa vida de la empresa _9181597 |
| 852 |
_aES-MaACL _jC-53499 _bR.86262 |
||
| 999 |
_c27672 _d27672 |
||